000
00284nam a22001217a 4500
008
170224b xxu||||| |||| 00| 0 eng d
041
_a
eng
080
_a
617
100
_a
5
101
_a
SHK
245
_a
REHABILITATION PROTOCOLS FOR SURGICAL NON SURGICAL
_c
SPINE.L
942
_2
udc
_c
BK
999
_c
6211
_d
6211